Score 0/14 Timer 02:00
0 Plays Today
Movie Missing Word % Correct
A _____ Good MenFew
97.3%
Little Shop of _____Horrors
96.4%
This is _____ TapSpinal
91%
For _____ ConsiderationYour
85.2%
_____ in ShowBest
82.8%
The _____ BridePrincess
74.5%
Sticky _____Fingers
55.1%
Movie Missing Word % Correct
_____ WishDeath
54.4%
A Mighty _____Wind
44.2%
_____ for GuffmanWaiting
42.6%
The Invention of _____Lying
41.9%
Night at the Museum: _____ of the SmithsonianBattle
25.3%
_____ SoldiersSmall
19.5%
Mrs. Henderson _____Presents
14.2%

Today's Daily Dose

Remove Ads.
Support Sporcle.
Get the best of Sporcle when you Go Orange. This ad-free experience offers more features, more stats, and more fun while also helping to support Sporcle. Thank you for becoming a member.

You're not logged in!

Compare scores with friends on all Sporcle quizzes.
OR
Log In

Show Comments

Extras

Top Quizzes Today


Score Distribution

Your Account Isn't Verified!

In order to create a playlist on Sporcle, you need to verify the email address you used during registration. Go to your Sporcle Settings to finish the process.

Report this User

Report this user for behavior that violates our Community Guidelines.

Details: